Detalles MARC
| 000 -CABECERA |
| campo de control de longitud fija |
01399nam a22002537a 4500 |
| 003 - IDENTIFICADOR DEL NÚMERO DE CONTROL |
| campo de control |
DO-SdBNP |
| 005 - FECHA Y HORA DE LA ÚLTIMA TRANSACCIÓN |
| campo de control |
20230317135046.0 |
| 007 - CAMPO FIJO DE DESCRIPCIÓN FÍSICA--INFORMACIÓN GENERAL |
| campo de control de longitud fija |
ta |
| 008 - DATOS DE LONGITUD FIJA--INFORMACIÓN GENERAL |
| campo de control de longitud fija |
110301s2005 dr 000 0 spa d |
| 040 ## - FUENTE DE LA CATALOGACIÓN |
| Centro catalogador/agencia de origen |
DO-SdBNP |
| Lengua de catalogación |
spa |
| Centro/agencia transcriptor |
BNPHU |
| 082 #4 - NÚMERO DE LA CLASIFICACIÓN DECIMAL DEWEY |
| Número de clasificación |
382.71 |
| Número de documento/Ítem |
R426d |
| Número de edición |
22 |
| 245 10 - MENCIÓN DE TÍTULO |
| Título |
República Dominicana : |
| Resto del título |
implicaciones del tratado de libre comercio con Estados Unidos de América respecto al sector agropecuario / |
| 260 ## - PUBLICACIÓN, DISTRIBUCIÓN, ETC. |
| Lugar de publicación, distribución, etc. |
Santo Domingo : |
| Nombre del editor, distribuidor, etc. |
Banco Mundial, |
| Fecha de publicación, distribución, etc. |
2005. |
| 300 ## - DESCRIPCIÓN FÍSICA |
| Extensión |
v, 57 p. : |
| Dimensiones |
28 cm. |
| 500 ## - NOTA GENERAL |
| Nota general |
Incluye referencias bibliográficas y notas al pie de las páginas |
| 504 ## - NOTA DE BIBLIOGRAFÍA, ETC. |
| Nota de bibliografía, etc. |
Bibliografía : p. 57 |
| 505 #2 - NOTA DE CONTENIDO CON FORMATO |
| Título |
Resumen ejecutivo -- |
| -- |
Introducción -- |
| -- |
El gasto público y las políticas de promoción agrícola -- |
| -- |
El tratado de libre comercio con EUA -- |
| -- |
Competitividad de la agricultura dominicana y perspectivas ante el TLC -- |
| -- |
Como aprovechar mejor las nuevas oportunidades -- |
| -- |
El contexto económico en general -- |
| -- |
Impacto de los acuerdos comerciales -- |
| -- |
Competitividad de la agricultura dominicana y perspectiva ante el TLC -- |
| -- |
Bibliografía / |
| 590 ## - NOTA LOCAL (RLIN) |
| Nota local |
Inventariado, 2022/ YL |
| 650 #4 - PUNTO DE ACCESO ADICIONAL DE MATERIA--TÉRMINO DE MATERIA |
| Término de materia o nombre geográfico como elemento de entrada |
Agricultura |
| Subdivisión general |
Aspectos económicos |
| Subdivisión geográfica |
República Dominicana |
| 9 (RLIN) |
1508 |
| 650 #4 - PUNTO DE ACCESO ADICIONAL DE MATERIA--TÉRMINO DE MATERIA |
| Término de materia o nombre geográfico como elemento de entrada |
Industrias agropecuarias |
| Subdivisión general |
República Dominicana |
| 9 (RLIN) |
82363 |
| 650 #4 - PUNTO DE ACCESO ADICIONAL DE MATERIA--TÉRMINO DE MATERIA |
| Término de materia o nombre geográfico como elemento de entrada |
República Dominicana |
| Subdivisión general |
Comercio exterior |
| 9 (RLIN) |
82364 |
| 910 ## - DATOS DE OPCIÓN DEL USUARIO (OCLC) |
| Datos de opción del usuario |
YLockward/Validado. Control de calidad MFF |
| 942 ## - ELEMENTOS DE PUNTO DE ACCESO ADICIONAL (KOHA) |
| Fuente del sistema de clasificación o colocación |
Dewey Decimal Classification |
| Tipo de ítem Koha |
Libro |